00962nac a22002171u 4500008004100000010001300041020001500054082002200069100004100091245006300132260003700195300003400232490005800266504005100324650002700375856008500402856007300487942002500560999001300585952014600598100908s1995 nyaill |r|||| 001 0 eng d a94013915 a007068292500a621.4021bWAR222 aWark, Kenneth, 91878510aAdvanced Thermodynamics for Engineers /cKenneth Wark, Jr. aNew York :bMcGraw-Hill,cc1995. axvi, 564 p. :bill. ;c25 cm. 915957aMcGraw-Hill series in mechanical engineering ; aIncludes bibliographical references and index. 0aThermodynamics.918786423Publisher descriptionuhttp://www.loc.gov/catdir/description/mh022/94013915.html423Table of contentsuhttp://www.loc.gov/catdir/toc/mh022/94013915.html cBBk621.4021WAR2ddc c820d820 00102ddc40708 aMAINbMAINc1STd2010-09-08epurchaseg175.00l2m1o621.4021 WARp000003737r2025-07-15 00:00:00s2014-03-31v218.75yBB